| 000 | 00925nam a2200205Ia 4500 | ||
|---|---|---|---|
| 999 |
_c40602 _d40602 |
||
| 001 | 7228 | ||
| 003 | GE_BSU | ||
| 005 | 20231013120724.0 | ||
| 008 | 181216s2013||||ge |||||||||||||| ||geo|| | ||
| 040 | _cGE_BSU | ||
| 041 | _ageo | ||
| 080 | _a347(479.22)(094.4) ს-32 | ||
| 245 |
_aსაქართველოს სამოქალაქო კოდექსი : _bანბანურ-საგნობრივი საძიებლით : ცვლილებებითა და დამატებებით 2013 წლის 15 აპრილამდე. |
||
| 264 |
_aთბილისი : _bბონა კაუზა, _c2013. |
||
| 300 |
_a361 გვ ; _c20 სმ. |
||
| 490 | _a(იურისტის ბიბლიოთეკა) | ||
| 541 | _h12ლ. | ||
| 653 | _aსაქართველოს სამოქალაქო კოდექსი. 2013 | ||
| 942 |
_cBK _2udc |
||